Udržateľnosť v módnom priemysle
Aj na Slovensku sa už spotrebitelia začínajú riadiť princípmi slow fashion a vyhlasujú, že ich nákupné správanie je ovplyvnené udržateľným prístupom k prírode. Porovnanie jednotlivých kategórií módy z pohľadu spoločenskej zodpovednosti a hodnotenie postojov a názorov respondentov na udržateľnosť v o...
Na minha lista:
| Autor principal: | |
|---|---|
| Formato: | Capítulo de Livro |
| Idioma: | eslovaco |
| Assuntos: | |
| Tags: |
Sem tags, seja o primeiro a adicionar uma tag!
|
MARC
| LEADER | 00000naa$a2200000$$$4500 | ||
|---|---|---|---|
| 001 | 0298671 | ||
| 005 | 20240502074530.7 | ||
| 041 | 0 | |a slo | |
| 044 | |a SK | ||
| 245 | 1 | 0 | |a Udržateľnosť v módnom priemysle |c Monika Matušovičová |
| 520 | |a Aj na Slovensku sa už spotrebitelia začínajú riadiť princípmi slow fashion a vyhlasujú, že ich nákupné správanie je ovplyvnené udržateľným prístupom k prírode. Porovnanie jednotlivých kategórií módy z pohľadu spoločenskej zodpovednosti a hodnotenie postojov a názorov respondentov na udržateľnosť v oblasti módneho priemyslu. Udržateľné nákupné správanie v módnom priemysle. Vysvetlenie pojmov fast fashion a slow fashion. | ||
| 610 | 2 | 0 | |a priemysel odevný |
| 610 | 2 | 0 | |a udržateľnosť |
| 610 | 2 | 0 | |a správanie spotrebiteľa |
| 610 | 2 | 0 | |a nákup |
| 610 | 2 | 0 | |a zodpovednosť podniku spoločenská |
| 610 | 2 | 0 | |a ochrana prostredia životného |
| 610 | 2 | 0 | |a recyklácia odpadu |
| 610 | 2 | 0 | |a ekológia |
| 100 | 1 | |a Matušovičová, Monika, 1967- | |